[Event "39th Olympiad Women"]
[Site "Khanty-Mansiysk RUS"]
[Date "2010.09.23"]
[Round "3"]
[White "Muhandiram, R.m.m.u."]
[Black "Sukandar, Irine Kharisma"]
[Result "0-1"]
[BlackTitle "WGM"]
[WhiteElo "1744"]
[BlackElo "2372"]
[Board "38.1"]
[WhiteTeam "SRI"]
[BlackTeam "INA"]
[WhiteFideId "9904204"]
[BlackFideId "7101937"]
[EventDate "2010.09.21"]
[EventType "team"]

1. e4 c5 2. Nc3 Nc6 3. f4 g6 4. Nf3 Bg7 5. Bc4 e6 6. d3 Nge7 7. Bb3 O-O 8. O-O
a6 9. Qe1 b5 10. Qh4 d5 11. f5 dxe4 12. fxg6 Nxg6 13. Qxe4 Bb7 14. Kh1 Qc7 15.
Ng5 b4 16. Ne2 Nce5 17. Qe3 Qc6 18. Qh3 h6 19. Ne4 c4 20. Bxc4 Nxc4 21. Bxh6
Nce5 22. Nf6+ Bxf6 23. Bxf8 Rxf8 24. Rxf6 Qxc2 25. Re1 Nxd3 26. Nd4 Nf2+ 27.
Rxf2 Qxf2 28. Rd1 Rd8 29. Qg4 Rxd4 0-1

[Event "39th Olympiad Women"]
[Site "Khanty-Mansiysk RUS"]
[Date "2010.09.23"]
[Round "3"]
[White "Lestari, Baiq Vina"]
[Black "Basnayake, I.U."]
[Result "1/2-1/2"]
[WhiteElo "2177"]
[BlackElo "1746"]
[Board "38.2"]
[WhiteTeam "INA"]
[BlackTeam "SRI"]
[WhiteFideId "7102496"]
[BlackFideId "9901698"]
[EventDate "2010.09.21"]
[EventType "team"]

1. e4 c5 2. Nf3 Nc6 3. d4 cxd4 4. Nxd4 Nf6 5. Nc3 e5 6. Ndb5 d6 7. Bg5 a6 8. Na3
b5 9. Nd5 Be7 10. Bxf6 Bxf6 11. c3 Bg5 12. Nc2 O-O 13. a4 bxa4 14. Rxa4 a5 15.
Bc4 Rb8 16. b3 Kh8 17. O-O Be6 18. Qe2 h6 19. Rd1 Qc8 20. Ba6 Qd7 21. Bb5 Bd8
22. Qc4 Rc8 23. Nce3 g6 24. b4 axb4 25. Ra6 Nb8 26. Bxd7 Rxc4 27. Ra8 Rxe4 28.
Rxb8 Bxd7 29. Nf6 Bxf6 30. Rxf8+ Kg7 31. Rb8 bxc3 32. Rc1 Ra4 33. Rxc3 Ra1+ 34.
Nf1 d5 35. Rcb3 Bf5 36. g3 Bc2 37. Rc3 Be4 38. f3 d4 39. Rcb3 Bc2 40. Rb2 Bd3
41. Rf2 Bg5 42. Rb3 Bc4 43. Rb4 Bd3 44. Rb3 Bc4 45. Rb4 1/2-1/2

[Event "39th Olympiad Women"]
[Site "Khanty-Mansiysk RUS"]
[Date "2010.09.23"]
[Round "3"]
[White "Senanayake, P.R."]
[Black "Sihite, Chelsie Monica"]
[Result "0-1"]
[WhiteTitle "WFM"]
[BlackTitle "WFM"]
[WhiteElo "1858"]
[BlackElo "2014"]
[Board "38.3"]
[WhiteTeam "SRI"]
[BlackTeam "INA"]
[WhiteFideId "9900934"]
[BlackFideId "7101198"]
[EventDate "2010.09.21"]
[EventType "team"]

1. d4 d5 2. Nf3 c6 3. Bg5 h6 4. Bh4 Qb6 5. b3 g5 6. Bg3 Bg7 7. e3 Nf6 8. Bd3 Bg4
9. h3 Be6 10. Ne5 Ne4 11. Bxe4 dxe4 12. Nd2 Nd7 13. Nxd7 Bxd7 14. Nxe4 O-O 15.
O-O a5 16. f4 gxf4 17. Rxf4 Rad8 18. c3 Bc8 19. Qf3 f5 20. Nc5 e5 21. Rh4 f4 22.
Bf2 fxe3 23. Qxe3 exd4 24. cxd4 Bf5 25. Qg3 Rf6 26. Qe3 Rdf8 27. Bg3 R6f7 28.
Bf4 Qd8 29. Bg3 Re8 30. Qd2 b6 31. Na4 c5 32. Rd1 cxd4 33. Rh5 b5 34. Nb2 Qf6
35. Rf1 Qg6 36. Qd1 Qxg3 37. Qd2 Qg6 38. Rh4 d3 39. Rhf4 Re2 0-1

[Event "39th Olympiad Women"]
[Site "Khanty-Mansiysk RUS"]
[Date "2010.09.23"]
[Round "3"]
[White "Medina, Warda Aulia"]
[Black "Premanath, Dinushki"]
[Result "1-0"]
[WhiteTitle "WFM"]
[WhiteElo "2011"]
[BlackElo "1853"]
[Board "38.4"]
[WhiteTeam "INA"]
[BlackTeam "SRI"]
[WhiteFideId "7101570"]
[BlackFideId "9903542"]
[EventDate "2010.09.21"]
[EventType "team"]

1. e4 c5 2. Nf3 d6 3. d4 cxd4 4. Nxd4 Nf6 5. Nc3 a6 6. Be2 e6 7. Be3 Be7 8. O-O
b5 9. f4 Bb7 10. Bf3 Qc7 11. e5 Nd5 12. Nxd5 exd5 13. e6 O-O 14. Bg4 f6 15. Bf5
g6 16. Qg4 Bd8 17. Bd3 Kh8 18. f5 g5 19. h4 Nc6 20. Nxc6 Bxc6 21. hxg5 fxg5 22.
Bd4+ Bf6 23. Bxf6+ Rxf6 24. Qxg5 Qe7 25. Qf4 Rg8 26. Qd4 Qg7 27. Rf2 Qg5 28. Re1
Rg7 29. Qf4 Qxf4 30. Rxf4 Re7 31. Kf2 Kg7 32. Re3 Kf8 33. Rh4 h6 34. Rg4 Rg7 35.
Rxg7 Kxg7 36. Rg3+ Kf8 37. Ke3 Bb7 38. c3 Bc6 39. Rg4 Be8 40. Rd4 Bc6 41. Rg4
Be8 42. Rh4 Kg7 43. g4 Rf8 44. Kf4 Rh8 45. Be2 Kf6 46. Bf3 Bc6 47. Rh2 Rh7 48.
Rd2 Rh8 49. Bxd5 Bxd5 50. Rxd5 Rd8 51. Kg3 Ke7 52. Kh4 Rh8 53. Kh5 Rg8 54. Rd4
Rh8 55. Kg6 Rg8+ 56. Kh7 1-0

[Event "39th Olympiad Women"]
[Site "Khanty-Mansiysk RUS"]
[Date "2010.09.23"]
[Round "3"]
[White "Baklanova, Tatiana"]
[Black "Segarra Choe, Tammy"]
[Result "1-0"]
[WhiteTitle "WIM"]
[BlackTitle "WFM"]
[WhiteElo "2247"]
[BlackElo "2014"]
[Board "39.1"]
[WhiteTeam "ISCA"]
[BlackTeam "PUR"]
[WhiteFideId "14100754"]
[BlackFideId "3100936"]
[EventDate "2010.09.21"]
[EventType "team"]

1. d4 g6 2. c4 Bg7 3. Nc3 c5 4. Nf3 cxd4 5. Nxd4 Nc6 6. Be3 Nf6 7. g3 O-O 8. Bg2
Qa5 9. O-O Ng4 10. Nxc6 dxc6 11. Bd2 Qh5 12. h3 Ne5 13. g4 Qh4 14. Ne4 f6 15.
Bf4 Nf7 16. Bg3 Qh6 17. f4 Rd8 18. Qb3 Bf8 19. Rad1 Qg7 20. Nc5 e5 21. Nxb7 Rxd1
22. Rxd1 Rb8 23. Bxc6 Kh8 24. Qf3 Bxb7 25. Bxb7 Nd6 26. fxe5 Nxc4 27. Bd5 Nxe5
28. Qc3 Bb4 29. Qc2 Qe7 30. Kg2 Rd8 31. e4 Bd6 32. Bf2 Kg7 33. Bd4 Kh8 34. a3
Kg7 35. Qc3 Kh8 36. Rf1 Kg7 37. b4 Rf8 38. Qe3 a6 39. Qe2 Rc8 40. Rf2 a5 41. Qa6
Rc1 42. g5 f5 43. h4 Rd1 44. Bb2 axb4 45. axb4 Rb1 46. exf5 gxf5 47. Qe2 Kg6 48.
h5+ Kxg5 49. Qe3+ Kxh5 50. Qh3+ Kg6 51. Qxf5+ Kh6 52. Qxb1 Qg5+ 53. Kf1 Ng4 54.
Bc1 Ne3+ 55. Bxe3 Qxe3 56. Rf6+ Kg7 57. Rf7+ Kh6 58. Qxh7+ Kg5 59. Qg8+ 1-0

[Event "39th Olympiad Women"]
[Site "Khanty-Mansiysk RUS"]
[Date "2010.09.23"]
[Round "3"]
[White "Sanchez Rodriguez, Wilmairi"]
[Black "Mucha, Annegret"]
[Result "1/2-1/2"]
[BlackTitle "WCM"]
[WhiteElo "1812"]
[BlackElo "2005"]
[Board "39.2"]
[WhiteTeam "PUR"]
[BlackTeam "ISCA"]
[WhiteFideId "3101185"]
[BlackFideId "24622788"]
[EventDate "2010.09.21"]
[EventType "team"]

1. e4 c5 2. Nc3 Nc6 3. g3 g6 4. Bg2 Bg7 5. d3 d6 6. f4 e6 7. Nf3 Nge7 8. O-O O-O
9. Be3 Nd4 10. Qd2 Rb8 11. Nd1 b5 12. c3 Nxf3+ 13. Bxf3 Bb7 14. g4 f5 15. Nf2
Qc7 16. Nh3 h6 17. gxf5 exf5 18. Qg2 Kh7 19. Kh1 Bf6 20. Rg1 Rg8 21. Nf2 a5 22.
Rad1 g5 23. fxg5 Bxg5 24. Bxg5 Rxg5 25. Qh3 Rbg8 26. Rxg5 Rxg5 27. Rg1 Rxg1+ 28.
Kxg1 Qc8 29. Qh5 Qf8 30. exf5 Bxf3 31. Qxf3 Qxf5 32. Qxf5+ Nxf5 33. Ne4 1/2-1/2

[Event "39th Olympiad Women"]
[Site "Khanty-Mansiysk RUS"]
[Date "2010.09.23"]
[Round "3"]
[White "Comas Colon, Rinelly"]
[Black "Myronenko, Natalya"]
[Result "1/2-1/2"]
[WhiteElo "1696"]
[BlackElo "1945"]
[Board "39.4"]
[WhiteTeam "PUR"]
[BlackTeam "ISCA"]
[WhiteFideId "3101576"]
[BlackFideId "14124530"]
[EventDate "2010.09.21"]
[EventType "team"]

1. c4 e6 2. g3 d5 3. cxd5 exd5 4. Bg2 Nf6 5. Nf3 c6 6. d4 Bd6 7. O-O O-O 8. Nc3
Re8 9. e3 Nbd7 10. Qc2 h6 11. b3 Ne4 12. Nxe4 dxe4 13. Nd2 f5 14. Qc4+ Kh8 15.
Bb2 Nb6 16. Qe2 Nd5 17. Nb1 Qe7 18. a3 a5 19. Rc1 Be6 20. Nc3 Kh7 21. Na4 Nf6
22. Nc5 Bd5 23. Qc2 g6 24. Bf1 h5 25. Na4 Be6 26. Nc5 Bd5 27. Na4 Be6 28. Nc5
Bd5 1/2-1/2

[Event "39th Olympiad Women"]
[Site "Khanty-Mansiysk RUS"]
[Date "2010.09.23"]
[Round "3"]
[White "Al-Khelaifi, Salama"]
[Black "Camacho, Chardine Cheradee"]
[Result "0-1"]
[WhiteTitle "WFM"]
[BlackTitle "WFM"]
[WhiteElo "1736"]
[BlackElo "2186"]
[Board "40.1"]
[WhiteTeam "QAT"]
[BlackTeam "PHI"]
[WhiteFideId "12100048"]
[BlackFideId "5201829"]
[EventDate "2010.09.21"]
[EventType "team"]

1. d4 Nf6 2. Nc3 g6 3. e4 d6 4. f3 Bg7 5. Bg5 O-O 6. Qd2 c6 7. O-O-O Qc7 8. Nge2
b5 9. Ng3 a5 10. Bh6 e5 11. Bxg7 Kxg7 12. Nf5+ Bxf5 13. exf5 d5 14. fxg6 hxg6
15. dxe5 Qxe5 16. f4 Qd6 17. f5 Nbd7 18. fxg6 fxg6 19. Bd3 Nc5 20. h3 b4 21. Ne2
a4 22. Rhf1 a3 23. b3 Qe5 24. Qxb4 Nxd3+ 25. Rxd3 Qa1+ 26. Kd2 Qxf1 27. Qb7+ Rf7
28. Qxa8 Ne4+ 0-1

[Event "39th Olympiad Women"]
[Site "Khanty-Mansiysk RUS"]
[Date "2010.09.23"]
[Round "3"]
[White "Perena, Catherine"]
[Black "Al-khelaifi, Aisha"]
[Result "1-0"]
[WhiteTitle "WFM"]
[WhiteElo "2103"]
[BlackElo "1635"]
[Board "40.2"]
[WhiteTeam "PHI"]
[BlackTeam "QAT"]
[WhiteFideId "5202744"]
[BlackFideId "12100625"]
[EventDate "2010.09.21"]
[EventType "team"]

1. d4 d5 2. c4 c6 3. Nf3 Nf6 4. Nc3 a6 5. e3 Bg4 6. cxd5 cxd5 7. Qb3 b5 8. Ne5
Bf5 9. f3 e6 10. g4 Bg6 11. h4 h6 12. Nxg6 fxg6 13. Bd3 Bd6 14. Bxg6+ Kf8 15.
Ne2 Nc6 16. Bd2 Na5 17. Qd3 Nc4 18. Bc1 Qc7 19. b3 Bb4+ 20. Kf2 Nb6 21. Nf4 Ke7
22. Bd2 Bd6 23. g5 Nfd7 24. Nh5 Kf8 25. e4 Qb7 26. e5 Be7 27. Nf4 Kg8 28. Bf7+
Kxf7 29. Qg6+ Kg8 30. Qxe6+ Kh7 31. g6# 1-0

[Event "39th Olympiad Women"]
[Site "Khanty-Mansiysk RUS"]
[Date "2010.09.23"]
[Round "3"]
[White "Safar, Reem"]
[Black "Jose, Rulp Ylem"]
[Result "0-1"]
[WhiteTitle "WFM"]
[WhiteElo "1702"]
[BlackElo "2039"]
[Board "40.3"]
[WhiteTeam "QAT"]
[BlackTeam "PHI"]
[WhiteFideId "12100269"]
[BlackFideId "5205026"]
[EventDate "2010.09.21"]
[EventType "team"]

1. d4 d5 2. c4 c6 3. Nc3 dxc4 4. e4 b5 5. a4 b4 6. Na2 e5 7. Nf3 exd4 8. Qxd4
Qxd4 9. Nxd4 Nf6 10. f3 a5 11. Bf4 Bc5 12. O-O-O Bxd4 13. Rxd4 Be6 14. Kb1 Nbd7
15. Be2 O-O 16. Rd6 Rfc8 17. Rhd1 Nb6 18. Rc1 Ne8 19. Rdd1 c3 20. bxc3 b3 21. c4
bxa2+ 22. Kxa2 Nxa4 23. Be3 c5 0-1

[Event "39th Olympiad Women"]
[Site "Khanty-Mansiysk RUS"]
[Date "2010.09.23"]
[Round "3"]
[White "Vargas, Gabriela"]
[Black "Naipal, Victoria"]
[Result "1-0"]
[WhiteTitle "WFM"]
[BlackTitle "WFM"]
[WhiteElo "2085"]
[BlackElo "1845"]
[Board "41.1"]
[WhiteTeam "PAR"]
[BlackTeam "SUR"]
[WhiteFideId "3700860"]
[BlackFideId "8200149"]
[EventDate "2010.09.21"]
[EventType "team"]

1. d4 d5 2. c4 e6 3. Nf3 Be7 4. e3 Nf6 5. Bd3 O-O 6. O-O b6 7. b3 Bb7 8. Bb2
Nbd7 9. Nc3 c5 10. Qe2 Rc8 11. Rac1 Re8 12. Ne5 Nxe5 13. dxe5 Nd7 14. f4 Nf8 15.
Rfd1 Qc7 16. cxd5 exd5 17. Ba6 Red8 18. Bxb7 Qxb7 19. Qf3 Ng6 20. Rxd5 Rxd5 21.
Nxd5 Qb8 22. f5 Nxe5 23. Nxe7+ Kf8 24. Bxe5 Qxe5 25. Nxc8 1-0

[Event "39th Olympiad Women"]
[Site "Khanty-Mansiysk RUS"]
[Date "2010.09.23"]
[Round "3"]
[White "Naipal, Ekaterina"]
[Black "Rojas, Montserrat"]
[Result "1-0"]
[WhiteElo "1766"]
[BlackElo "1609"]
[Board "41.2"]
[WhiteTeam "SUR"]
[BlackTeam "PAR"]
[WhiteFideId "8200629"]
[BlackFideId "3701670"]
[EventDate "2010.09.21"]
[EventType "team"]

1. d4 Nf6 2. Nf3 g6 3. Bg5 Bg7 4. Nbd2 d5 5. e3 Bf5 6. Be2 O-O 7. O-O Nbd7 8. c4
c6 9. h3 h6 10. Bf4 Ne4 11. cxd5 cxd5 12. Qb3 Nb6 13. a4 a5 14. Rac1 Nd6 15. Ne5
f6 16. Nef3 Bd7 17. Ra1 Bc6 18. e4 Kh7 19. e5 fxe5 20. Bxe5 Nf7 21. Bxg7 Kxg7
22. Bd1 e6 23. Qd3 Qf6 24. Bc2 Nd7 25. Nh4 Nh8 26. Ndf3 Kf7 27. g3 g5 28. Ng2
Rg8 29. Rae1 Rg7 30. Ne5+ Nxe5 31. dxe5 Qe7 32. Qf3+ Kg8 33. Qh5 Nf7 34. Bg6
Bxa4 35. Bxf7+ Qxf7 36. Qxf7+ Rxf7 37. Ra1 Bb5 38. Rfc1 b6 39. Ne3 Raf8 40. Ng4
Kg7 41. Nf6 Ra8 42. Ra3 a4 43. b3 Raa7 44. bxa4 Bxa4 45. Rca1 b5 46. Ne8+ Kg6
47. Nd6 Rfe7 48. Nxb5 Ra5 49. Nc3 d4 50. Rxa4 Rxa4 51. Nxa4 Ra7 52. Kf1 Kf5 53.
Ke2 Kxe5 54. Kd3 Ra8 55. Re1+ Kd6 56. Nb2 Kd5 57. Nc4 1-0

[Event "39th Olympiad Women"]
[Site "Khanty-Mansiysk RUS"]
[Date "2010.09.23"]
[Round "3"]
[White "Alderete, Jazmin"]
[Black "Dos Ramos, Rosangela"]
[Result "1/2-1/2"]
[WhiteElo "1568"]
[BlackElo "1733"]
[Board "41.3"]
[WhiteTeam "PAR"]
[BlackTeam "SUR"]
[WhiteFideId "3701697"]
[BlackFideId "8200521"]
[EventDate "2010.09.21"]
[EventType "team"]

1. d4 d5 2. Nf3 Nf6 3. Bg5 e6 4. e3 Be7 5. Bd3 O-O 6. O-O b6 7. Nbd2 Bb7 8. Ne5
Nbd7 9. f4 Ne4 10. Bxe7 Qxe7 11. c3 Ndf6 12. Qe1 c5 13. Ndf3 h6 14. Qh4 Qd8 15.
Ng4 Rc8 16. Nfe5 Nxg4 17. Qxg4 Rc7 18. Rad1 Qe7 19. Rf3 Nf6 20. Qh3 Ne4 21. Bxe4
dxe4 22. Rg3 Kh7 23. f5 Bc8 24. Qg4 Qf6 25. fxe6 Bxe6 26. Qxe4+ Kg8 27. Rf1 Qe7
28. Ng4 Kh8 29. d5 Bc8 30. Qf4 Bxg4 31. Qxg4 f6 32. c4 Qe5 33. Qf4 Re8 34. Qxe5
Rxe5 35. a3 Rce7 36. Kf2 Re4 37. b3 a5 38. a4 Kh7 39. Ke2 Rd7 40. Kd3 Re5 41.
Rgf3 Kg6 42. Rf4 Kf7 43. Re4 Ree7 44. Rff4 Rxe4 45. Rxe4 Rd6 46. Rf4 Rd7 47. e4
Re7 48. e5 Rxe5 49. Re4 Re7 50. Rxe7+ Kxe7 51. Ke4 g6 52. g4 h5 53. h3 h4 54.
Kf4 Kd6 55. Ke4 Ke7 56. Kf4 Kd6 57. Ke4 Ke7 1/2-1/2

[Event "39th Olympiad Women"]
[Site "Khanty-Mansiysk RUS"]
[Date "2010.09.23"]
[Round "3"]
[White "Greenidge, Nathali"]
[Black "Geldyeva, Mekhri"]
[Result "0-1"]
[BlackTitle "WGM"]
[WhiteElo "2016"]
[BlackElo "2260"]
[Board "42.1"]
[WhiteTeam "BAR"]
[BlackTeam "TKM"]
[WhiteFideId "11100281"]
[BlackFideId "14000059"]
[EventDate "2010.09.21"]
[EventType "team"]

1. e4 c5 2. Nf3 e6 3. d3 d5 4. Nbd2 Nc6 5. g3 Nf6 6. Bg2 Be7 7. O-O Qc7 8. Re1
O-O 9. Nf1 dxe4 10. dxe4 Rd8 11. Qe2 e5 12. c3 h6 13. b3 Be6 14. Bb2 c4 15. b4
b5 16. Qc2 a6 17. Ne3 Rd3 18. Nh4 Rad8 19. Rad1 Bf8 20. Nhf5 g6 21. Nh4 h5 22.
Bf1 R3d7 23. Rxd7 Rxd7 24. Rd1 Bh6 25. Nd5 Nxd5 26. exd5 Rxd5 27. Rxd5 Bxd5 28.
Bh3 e4 29. Qd1 Qe5 30. Bc8 e3 0-1

[Event "39th Olympiad Women"]
[Site "Khanty-Mansiysk RUS"]
[Date "2010.09.23"]
[Round "3"]
[White "Hallaeva, Bahar"]
[Black "Corbin, Rashida"]
[Result "1-0"]
[WhiteTitle "WFM"]
[WhiteElo "2174"]
[BlackElo "1718"]
[Board "42.2"]
[WhiteTeam "TKM"]
[BlackTeam "BAR"]
[WhiteFideId "14000679"]
[BlackFideId "11101571"]
[EventDate "2010.09.21"]
[EventType "team"]

1. e4 e5 2. Nf3 Nc6 3. d4 exd4 4. Bc4 Be7 5. c3 dxc3 6. Qd5 Nh6 7. Bxh6 O-O 8.
Bc1 Nb4 9. Qh5 Nc2+ 10. Kd1 Nxa1 11. bxc3 c6 12. Bb2 b5 13. Bd3 d6 14. Bxa1 Qa5
15. Bb2 Qxa2 16. Kc1 Qe6 17. Nd4 Qf6 18. Nd2 Bd7 19. e5 Qh6 20. Qxh6 gxh6 21.
exd6 Bxd6 22. Ne4 Bf4+ 23. Kc2 f6 24. Nc5 Rf7 25. Nxd7 Rxd7 26. Bf5 Re7 27. Ba3
Rb7 28. Nxc6 Rc7 29. Ne7+ Kh8 30. Nd5 Rc4 31. Be7 Be5 32. f4 Bxf4 33. Bxf6+ Kg8
34. Rf1 Bg5 35. Be6+ Kf8 36. Bxg5+ Ke8 37. Bxh6 1-0

[Event "39th Olympiad Women"]
[Site "Khanty-Mansiysk RUS"]
[Date "2010.09.23"]
[Round "3"]
[White "Munguntuul, Batkhuyag"]
[Black "Greeff, Melissa"]
[Result "1-0"]
[WhiteTitle "IM"]
[BlackTitle "WGM"]
[WhiteElo "2412"]
[BlackElo "2079"]
[Board "44.1"]
[WhiteTeam "MGL"]
[BlackTeam "RSA"]
[WhiteFideId "4900758"]
[BlackFideId "14301504"]
[EventDate "2010.09.21"]
[EventType "team"]

1. d4 Nf6 2. Nf3 e6 3. e3 c5 4. Bd3 Nc6 5. O-O Qb6 6. c3 d5 7. Nbd2 cxd4 8. exd4
Bd6 9. Re1 Qc7 10. Qe2 Bd7 11. Ne5 Ne7 12. f4 a6 13. Ndf3 h6 14. Bd2 Qb6 15. b3
Bxe5 16. fxe5 Nfg8 17. c4 Nc6 18. Qf2 Nge7 19. Rf1 O-O-O 20. c5 Qc7 21. b4 f6
22. a4 fxe5 23. dxe5 Nxe5 24. Nxe5 Qxe5 25. Rae1 Qf6 26. Qe2 Qd4+ 27. Kh1 e5 28.
c6 Bg4 29. cxb7+ Kb8 30. Qxe5+ Qxe5 31. Rxe5 Nc6 32. Ree1 Kxb7 33. b5 axb5 34.
axb5 Nb8 35. h3 Bh5 36. Ba5 Rde8 37. g4 Rxe1 38. Rxe1 Be8 39. Re7+ Ka8 40. Bb6
Nd7 41. Bd4 Nf6 42. Rxg7 Rf8 43. Bxf6 Rxf6 44. Kg2 Kb8 45. Rg8 Re6 46. Bf5 Re2+
47. Kf3 Re1 48. Bg6 Kc7 49. Rxe8 Rf1+ 50. Kg2 Rf6 51. Bf5 Rb6 52. Re7+ Kb8 53.
Bd7 d4 54. Bc6 d3 55. Rd7 1-0

[Event "39th Olympiad Women"]
[Site "Khanty-Mansiysk RUS"]
[Date "2010.09.23"]
[Round "3"]
[White "Solomons, Anzel"]
[Black "Lkhamsuren, Uuganbayar"]
[Result "0-1"]
[WhiteTitle "WIM"]
[WhiteElo "1932"]
[BlackElo "2206"]
[Board "44.2"]
[WhiteTeam "RSA"]
[BlackTeam "MGL"]
[WhiteFideId "14300800"]
[BlackFideId "4901347"]
[EventDate "2010.09.21"]
[EventType "team"]

1. d4 e6 2. Nf3 Nf6 3. Bf4 c5 4. e3 Nc6 5. c3 b6 6. Bd3 d5 7. Nbd2 Bb7 8. h3 Bd6
9. Ne5 Qc7 10. Ndf3 h6 11. Rc1 Nd7 12. Nxd7 Qxd7 13. Ne5 Nxe5 14. Bxe5 Bxe5 15.
dxe5 Qe7 16. Bb5+ Kf8 17. Qg4 Qg5 18. f4 Qxg4 19. hxg4 Ke7 20. Kf2 f6 21. exf6+
Kxf6 22. Rcd1 Rad8 23. Rd2 g6 24. Rhd1 g5 25. g3 Rdg8 26. Be2 Rg7 27. Bf3 Ba6
28. Rg1 Bb5 29. Rgd1 a5 30. Rg1 a4 31. Rgd1 a3 32. bxa3 Bc4 33. Rb1 Rb8 34. f5
Rd7 35. Rh1 Rh8 36. Rb1 Rd6 37. Rdb2 b5 38. a4 bxa4 39. Rb6 Rhd8 40. Rxd6 Rxd6
41. Rh1 Bxa2 42. Rxh6+ Ke5 43. Ke1 Bb1 44. fxe6 Rxe6 45. Rxe6+ Kxe6 46. Kd2 Ke5
47. Kc1 Be4 48. Bd1 a3 49. Be2 Bg6 50. Bd1 Bh7 51. Bf3 Bd3 52. Bg2 Be4 53. Bh3
Bf3 54. Kb1 Ke4 55. Ka2 Kd3 56. Kxa3 Kxc3 57. Ka4 Kd2 58. Kb5 c4 0-1

[Event "39th Olympiad Women"]
[Site "Khanty-Mansiysk RUS"]
[Date "2010.09.23"]
[Round "3"]
[White "Enkhtuul, Altanulzii"]
[Black "Roos, Ezet"]
[Result "1-0"]
[BlackTitle "WFM"]
[WhiteElo "2122"]
[BlackElo "1817"]
[Board "44.3"]
[WhiteTeam "MGL"]
[BlackTeam "RSA"]
[WhiteFideId "4901444"]
[BlackFideId "14300729"]
[EventDate "2010.09.21"]
[EventType "team"]

1. b4 e6 2. Bb2 Nf6 3. b5 d5 4. e3 Nbd7 5. Nf3 Bd6 6. a4 O-O 7. d4 Ne4 8. Bd3 f5
9. O-O Ndf6 10. c4 c6 11. Ne5 cxb5 12. axb5 Bd7 13. Nd2 Qe8 14. Nxd7 Qxd7 15. c5
Bc7 16. f3 Ng5 17. Qe2 h6 18. Rfc1 Qf7 19. Nf1 Ngh7 20. Ba3 Rfe8 21. Qf2 g5 22.
Bb4 g4 23. f4 Ne4 24. Bxe4 dxe4 25. Ra2 Nf6 26. Rca1 Nd5 27. Bd2 Qf8 28. Rxa7
Rab8 29. b6 Bd8 30. Be1 Bf6 31. Bd2 Ne7 32. Qe2 Nc6 33. R7a4 Qe7 34. Qc4 Qd7 35.
Ng3 Kh7 36. Kh1 Kg6 37. Ne2 Red8 38. Be1 h5 39. Nc3 Ne7 40. Qb5 Nc6 41. Qc4 Qf7
42. Nb5 Ne7 43. Nc7 Nd5 44. Qb3 Rdc8 45. Nb5 Qd7 46. Ra7 Rd8 47. Nd6 Be7 48. Nc4
Bf6 49. Bd2 Ne7 50. Na5 Rdc8 51. Rc1 Nc6 52. Nxc6 Qxc6 53. Kg1 Rd8 54. Qa4 Rdc8
55. Qxc6 Rxc6 56. Kf1 Kf7 57. Ke2 Ke7 58. Bb4 Kf7 59. Rd1 Be7 60. Kd2 Kg6 61.
Kc3 Rcc8 62. Kc4 Bd8 63. Kb5 Bf6 64. Rc1 Rc6 65. Rxb7 Rxc5+ 66. dxc5 Rxb7 67. c6
Rb8 68. c7 1-0

[Event "39th Olympiad Women"]
[Site "Khanty-Mansiysk RUS"]
[Date "2010.09.23"]
[Round "3"]
[White "Vilhete, Vania Fausto Da T."]
[Black "Smith, Olivia"]
[Result "0-1"]
[BlackTitle "WFM"]
[WhiteElo "1723"]
[BlackElo "2002"]
[Board "46.1"]
[WhiteTeam "MOZ"]
[BlackTeam "WLS"]
[WhiteFideId "14800144"]
[BlackFideId "411850"]
[EventDate "2010.09.21"]
[EventType "team"]

1. d4 Nf6 2. c4 e5 3. e3 exd4 4. exd4 d5 5. Nc3 Bb4 6. Nf3 O-O 7. cxd5 Nxd5 8.
Bd2 Nc6 9. Be2 Bg4 10. O-O Nxc3 11. Bxc3 Bd6 12. h3 Bh5 13. Re1 Re8 14. Qb3 Rb8
15. Bc4 Qf6 16. Rxe8+ Rxe8 17. d5 Qf4 18. dxc6 Bxf3 19. g3 Qf5 20. Kh2 Bxc6 21.
Rf1 Qf3 22. Bxf7+ Qxf7 23. Qxf7+ Kxf7 24. Rd1 Be5 25. Bxe5 Rxe5 26. Rd2 Bb5 27.
Kg2 Re2 28. Rxe2 Bxe2 29. f4 a5 30. Kf2 Bc4 31. Ke3 Bxa2 32. Kd4 a4 33. Kc5 Ke6
34. Kb4 Bb3 35. Kc5 Kf5 36. Kd4 b6 37. Ke3 h5 38. Kf3 Bd5+ 39. Ke3 c5 0-1

[Event "39th Olympiad Women"]
[Site "Khanty-Mansiysk RUS"]
[Date "2010.09.23"]
[Round "3"]
[White "Nasriddinzoda, Marvorii"]
[Black "Jalal, Amani"]
[Result "1-0"]
[WhiteElo "1943"]
[BlackElo "1708"]
[Board "47.1"]
[WhiteTeam "TJK"]
[BlackTeam "YEM"]
[WhiteFideId "14700395"]
[BlackFideId "9401474"]
[EventDate "2010.09.21"]
[EventType "team"]

1. f4 d5 2. Nf3 Nc6 3. b3 e6 4. Bb2 Nf6 5. e3 Bd6 6. Bb5 Bd7 7. Bxc6 Bxc6 8. O-O
O-O 9. Ne5 Bxe5 10. fxe5 Ne4 11. d3 Ng5 12. h4 Nh3+ 13. gxh3 Qxh4 14. Qg4 Qh6
15. Rf4 Kh8 16. Nd2 f6 17. Raf1 f5 18. Qg3 g5 19. R4f2 Rg8 20. Bd4 g4 21. h4
Raf8 22. Nb1 Be8 23. Nc3 b6 24. e4 dxe4 25. dxe4 Bg6 26. exf5 Bxf5 27. Rxf5 Rxf5
28. Rxf5 exf5 29. e6+ Rg7 30. e7 Qe6 31. Qe5 1-0

[Event "39th Olympiad Women"]
[Site "Khanty-Mansiysk RUS"]
[Date "2010.09.23"]
[Round "3"]
[White "Awad, Omaima"]
[Black "Antonova, Nadezhda"]
[Result "0-1"]
[WhiteTitle "WCM"]
[WhiteElo "1669"]
[BlackElo "1838"]
[Board "47.2"]
[WhiteTeam "YEM"]
[BlackTeam "TJK"]
[WhiteFideId "9400117"]
[BlackFideId "14700182"]
[EventDate "2010.09.21"]
[EventType "team"]

1. e4 e5 2. Nf3 Qe7 3. Nc3 c6 4. d4 d6 5. dxe5 dxe5 6. Bc4 g6 7. Ng5 Nh6 8. O-O
Bg7 9. Qd3 f6 10. Nf3 Nf7 11. Be3 O-O 12. Rad1 b5 13. Bxf7+ Qxf7 14. Bc5 Re8 15.
a3 Ba6 16. b4 Bc8 17. Nd2 Be6 18. Rfe1 Nd7 19. Qe3 Nxc5 20. Qxc5 Bf8 21. Qe3 a5
22. Rb1 axb4 23. axb4 Ra3 24. Qf3 Rd8 25. Nf1 Rd4 26. Ra1 Rxa1 27. Rxa1 Rxb4 28.
Ra6 Qb7 29. Ra1 Kg7 30. Qe3 Rd4 31. Ne2 Rd7 32. Nd2 c5 33. Nb3 Qc7 34. Nc3 c4 0-1